[Event "GER-ch Schools U18 Girls"]
[Site "Germany"]
[Date "2009.05.17"]
[Round "4.3"]
[White "Vollmer, Dorothee"]
[Black "Von Chamier, Angelika"]
[Result "0-1"]
[WhiteElo "800"]
[BlackElo "800"]
[PlyCount "64"]
[EventDate "2009.05.16"]
[EventType "team-swiss"]
[EventRounds "7"]
[EventCountry "GER"]
[SourceTitle "EXT 2011"]
[Source "ChessBase"]
[SourceDate "2010.11.26"]
[SourceVersion "1"]
[SourceVersionDate "2010.11.26"]
[SourceQuality "1"]
[WhiteTeam "Mallinckrodt Do (W)"]
[BlackTeam "St Marien (W)"]
[WhiteTeamCountry "GER"]
[BlackTeamCountry "GER"]

1. e4 e5 2. Nf3 Bc5 3. d3 d6 4. Be2 Nf6 5. 0-0 0-0 6. Bg5 Bg4 7. h3 Bh5 8. Bxf6 Qxf6 9. Qd2 Bxf3 10. Bxf3 Nd7 11. Be2 Nb6 12. Nc3 c6 13. a3 d5 14. b4 Bd6 15. g3 Nc8 16. exd5 cxd5 17. Nxd5 Qe6 18. c4 Ne7 19. Bf3 b5 20. Kh2 Nf5 21. a4 Nxg3 22. fxg3 e4 23. dxe4 Qe5 24. Rac1 bxc4 25. Rxc4 a5 26. Nb6 Ra6 27. Nd7 Qe6 28. Nxf8 Kxf8 29. Rd1 Qe5 30. Rc8+ Ke7 31. Qd4 Qxg3+ 32. Kh1 Qh2# 0-1